Hunger Games Trivia (Book 1) Quiz Stats

 Plays Quiz Updated Nov 26, 2018

Challenge
Share
Tweet
Embed
Score 0/24 Timer 04:00
13 Plays Today
Hint Answer % Correct
What is Katniss' preferred weapon?Bow
96.1%
Who is the male tribute from District 12?Peeta Mellark
95.8%
What is her sister's name?Primrose Everdeen
95.6%
Where do they live?District 12
95.2%
Who is her best friend?Gale Hawthorne
93.6%
What is the surname of the protagonist?Everdeen
92.8%
How many total tributes participate in the Hunger Games?24
87.9%
The Hunger Games is set in what post-apocalyptic nation?Panem
87.4%
Who is Katniss and Peeta's mentor?Haymitch Abernathy
87.2%
In her private session, what does Katniss shoot to grab the attention of the Gamemakers?Apple in pig's mouth
86.8%
Who is Katniss' stylist?Cinna
82.6%
What is the first gift Katniss receives in the arena?Burn Ointment
80.4%
Hint Answer % Correct
Who does Katniss ally with from District 11?Rue
79.4%
Who pulls the names on Reaping Day for District 12?Effie Trinket
77.7%
What does Katniss grab from the Cornucopia as soons as the games start?Backpack
74.5%
Who is the last tribute to die in the arena?Cato
70.1%
What training score does Katniss receive?11
69.1%
Who gives Katniss her Mockingjay pin?Madge Undersee
69.1%
Which tribute reaches the feast at the Cornucopia first?Foxface
66.8%
What are the genetically altered wasps created by the Capitol called?Tracker Jackers
60.4%
Who is the tribute from District 11 who spares Katniss at the Cornucopia?Thresh
57.3%
Who is Peeta's stylist?Portia
54.4%
What are the creatures that chase Peeta, Katniss, and Cato?Muttations
48.7%
What is the poison berry that kills Foxface?Nightlock
45.3%

You're not logged in!

Compare scores with friends on all Sporcle quizzes.
OR
Log In

You Might Also Like...

Show Comments

Extras

Top Quizzes Today


Score Distribution

Your Account Isn't Verified!

In order to create a playlist on Sporcle, you need to verify the email address you used during registration. Go to your Sporcle Settings to finish the process.

Report this User

Report this user for behavior that violates our Community Guidelines.

Details: